000 00669 a2200217 4500
001 57062
005 20250813155201.0
020 _a$a9786289568943
022 _a
084 _aP
100 1 _a$a Tessaro $b Gek $d 1957$a
_959367
245 1 0 _a$a Antes estaban los dinosaurios
250 _a$a Edicin̤ especial
264 1 _a$a Medelln̕ , Colombia
_b$b As ediciones
_c$c 2023
300 _a$a Pg̀inas ilustradas a color
490 0 _a$a Plan Nacional de Lectura, Escritura y Oralidad
653 4 _a$a Poesa̕ Infantil italiana Siglo XXI
653 4 _a$a Literatura infantil italiana Siglo XXI
653 4 _a$a Dinosaurios en la literatura
942 _cBKINF
999 _c57062
_d57062